Environmental engineering (Record no. 5357)

000 -LEADER
fixed length control field 00678nam a2200241 4500
001 - CONTROL NUMBER
control field 5357
003 - CONTROL NUMBER IDENTIFIER
control field BD-DhUET
008 - FIXED-LENGTH DATA ELEMENTS--GENERAL INFORMATION
fixed length control field 141126b xxu||||| |||| 00| 0 eng d
020 ## - INTERNATIONAL STANDARD BOOK NUMBER
International Standard Book Number 0071002316
040 ## - CATALOGING SOURCE
Transcribing agency 0
Modifying agency BD-DhUET
082 ## - DEWEY DECIMAL CLASSIFICATION NUMBER
Classification number 628
Item number PEA/1985
100 ## - MAIN ENTRY--PERSONAL NAME
Personal name Peavy, Howard S
245 ## - TITLE STATEMENT
Title Environmental engineering
250 ## - EDITION STATEMENT
Edition statement 1st ed.
260 ## - PUBLICATION, DISTRIBUTION, ETC. (IMPRINT)
Place of publication, distribution, etc. New york
Name of publisher, distributor, etc. McGraw-Hill
Date of publication, distribution, etc. 1985
300 ## - PHYSICAL DESCRIPTION
Extent xiv,699 p.+various paging
Other physical details ill.
490 ## - SERIES STATEMENT
Series statement McGraw-Hill series in water resources and environmental engineering
504 ## - BIBLIOGRAPHY, ETC. NOTE
Bibliography, etc Includes bibliographies
650 #0 - SUBJECT ADDED ENTRY--TOPICAL TERM
Topical term or geographic name as entry element Environmental engineering
700 ## - ADDED ENTRY--PERSONAL NAME
Personal name Rowe, Donald R.
700 ## - ADDED ENTRY--PERSONAL NAME
Personal name Tchobanoglous, George
942 ## - ADDED ENTRY ELEMENTS (KOHA)
Koha item type General Book
Holdings
Koha full call number Date acquired Koha renewals Sublocation or collection (holding branch) Koha item type Koha issues (times borrowed) Not for loan Koha normalized classification for sorting Copy number Price effective from Koha date last seen Damaged status Source of classification or shelving scheme Withdrawn status Koha date last borrowed Piece designation (barcode) Lost status Shelving location Location (home branch)
628/PEA/19852014-11-26 Central Library, BUETGeneral Book9 628PEA198512014-11-262024-09-08   2023-12-1081896 Circulation sectionCentral Library, BUET
628/PEA/19852014-11-26 Central Library, BUETGeneral Book10 628PEA198522014-11-262024-06-02   2024-03-1681895 Circulation sectionCentral Library, BUET
628/PEA/19852015-06-18 Central Library, BUETReading Item  628_000000000000000_PEA_198532015-06-182015-06-18    88788 Reading sectionCentral Library, BUET
628/PEA/19852015-06-18 Central Library, BUETReading Item  628_000000000000000_PEA_198542015-06-182015-06-18    87579 Reading sectionCentral Library, BUET
628/PEA/19851991-10-28 Central Library, BUETGeneral Book2 628_000000000000000_PEA_198552017-10-312021-11-13   2020-03-1681894 Circulation sectionCentral Library, BUET
628 PEA/19851991-10-28 Central Library, BUETRental Item  628_000000000000000_PEA_1985ক-৫১2024-12-012024-12-01    81847 Rental sectionCentral Library, BUET
628 PEA/19851991-10-28 Central Library, BUETRental Item  628_000000000000000_PEA_1985ক-৭৮2024-12-012024-12-01    81874 Rental sectionCentral Library, BUET
628 PEA/19851991-10-28 Central Library, BUETRental Item  628_000000000000000_PEA_1985ক-৭৯2024-12-012024-12-01    81875 Rental sectionCentral Library, BUET
628 PEA/19851991-10-28 Central Library, BUETRental Item  628_000000000000000_PEA_1985ক-৮০2024-12-012024-12-01    81876 Rental sectionCentral Library, BUET
628 PEA/19851991-10-28 Central Library, BUETRental Item  628_000000000000000_PEA_1985ক-৮১2024-12-012024-12-01    81877 Rental sectionCentral Library, BUET
628 PEA/19851991-10-28 Central Library, BUETRental Item  628_000000000000000_PEA_1985ক-৮২2024-12-012024-12-01    81878 Rental sectionCentral Library, BUET
628 PEA/19851991-10-28 Central Library, BUETRental Item  628_000000000000000_PEA_1985ক-৮৩2024-12-012024-12-01    81879 Rental sectionCentral Library, BUET
628 PEA/19851991-10-28 Central Library, BUETRental Item  628_000000000000000_PEA_1985ক-৮৪2024-12-012024-12-01    81880 Rental sectionCentral Library, BUET
628 PEA/19851991-10-28 Central Library, BUETRental Item  628_000000000000000_PEA_1985ক-৮৫2024-12-012024-12-01    81881 Rental sectionCentral Library, BUET
628 PEA/19851991-10-28 Central Library, BUETRental Item  628_000000000000000_PEA_1985ক-৮৬2024-12-012024-12-01    81882 Rental sectionCentral Library, BUET
628 PEA/19851991-10-28 Central Library, BUETRental Item  628_000000000000000_PEA_1985ক-৮৭2024-12-012024-12-01    81883 Rental sectionCentral Library, BUET
628 PEA/19851991-10-28 Central Library, BUETRental Item  628_000000000000000_PEA_1985ক-৮৭2024-12-012024-12-01    81884 Rental sectionCentral Library, BUET